000 00643nam a22002417a 4500
003 UA-OsUOA
001 30145
007 ta
008 20041105b un ||||| |||| 00| 0 ukr d
100 _aЗайчиков В.Т.
090 _a94(519)
_bЗ-17
942 _cBK
040 _aUA-OsUOA
_brus
_cUA-OsUOA
_dUA-OsUOA
245 _aКорея
300 _a480 с.
_bІлюстрації
955 _a0
041 _arus
080 _a94(519)
260 _aМосква
_bГосударственное издательство географической литературы
_c1951
044 _aRU
650 7 _2UDC
999 _c316552
_d316552